Normal view
MARC view
- ELECTRIC NETWORKS-FUNCTIONS NETWORKS-FUNCTIONS
Entry Topical Term
001 - CONTROL NUMBER
- control field: 80726
003 - CONTROL NUMBER IDENTIFIER
- control field: NUST
005 - DATE AND TIME OF LATEST TRANSACTION
- control field: 20210628210728.0
008 - FIXED-LENGTH DATA ELEMENTS
- fixed length control field: 210628|| aca||aabn | a|a d
040 ## - CATALOGING SOURCE
- Original cataloging agency: NUST
- Transcribing agency: NUST
150 ## - HEADING--TOPICAL TERM
- Topical term or geographic name entry element: ELECTRIC NETWORKS-FUNCTIONS NETWORKS-FUNCTIONS
670 ## - SOURCE DATA FOUND
- Source citation: Work cat.: (NUST): RUSTON, HENRY,BORDOGNA, JOSEPH 80725, ELECTRIC NETWORKS FUNCTIONS FILTERS ANALYSIS, 1966
